Justin Timberlake Filmography - Statistics

General Stats
  • This quiz has been taken 81 times
    16 since last reset
  • The average score is 11 of 86
Answer Stats
Type Year Name % Correct
Film 2011 Friends with Benefits
83%
Film 2011 In Time
67%
Film 2010 The Social Network
67%
Film 2016 Trolls
67%
Film 2011 Bad Teacher
50%
TV Show 2000-2024 Saturday Night Live
50%
Film 2007 Shrek the Third
50%
Film 2020 Trolls World Tour
50%
Film 2021 Palmer
33%
TV Special 2018 Super Bowl LII Halftime Show Starring Justin Timberlake
33%
Award Show 2000 The 2000 Billboard Music Awards
33%
TV Show 1993, 1995 The All-New Mickey Mouse Club
33%
TV Show 2001 The Simpsons
33%
Film 2023 Trolls Band Together
33%
Award Show 2007 2007 Kids' Choice Awards
17%
Award Show 2008 2008 ESPY Awards
17%
Film 2006 Alpha Dog
17%
Commercial 2017-2018 Bai Brands
17%
Commercial 2013 Bud Light Platinum
17%
Commercial 2011 Givenchy Play
17%
Film 2013 Inside Llewyn Davis
17%
TV Special 2003 Justin Timberlake: Down Home in Memphis - One Night Only
17%
Documentary 2013 Justin Timberlake: Iconic
17%
Documentary 2016 Justin Timberlake + The Tennessee Kids
17%
TV Film 2000 Model Behavior
17%
Award Show 2006 MTV Europe Music Awards 2006
17%
Film 2024 Piece by Piece
17%
Film 2023 Reptile
17%
Film 2013 Runner Runner
17%
Commercial 2010 Shriners Hospitals for Children
17%
Film 2006 Southland Tales
17%
Commercial 2010 'The Next Big Thing' - Audi
17%
TV Short 2017 Trolls Holiday
17%
TV Short 2021 Trolls Holiday in Harmony
17%
Film 2012 Trouble with the Curve
17%
Film 2010 Yogi Bear
17%
Award Show 2003 2003 MTV Movie Awards
0%
Commercial 2010 901 Tequilla
0%
Short TV Documentary 2006 All Eyes On: Justin Timberlake
0%
TV Show 2002 All That
0%
Commercial 2018 American Express
0%
Short Film 2019 American Psychos: Lori the Narcissist
0%
Commercial 2014 Apple iPhone
0%
Film 2006 Black Snake Man
0%
Film 2006 Black Snake Moan
0%
TV Show 2006 Bo! in the USA
0%
Commercial 2001 Budweiser
0%
Commercial 2012 Callaway Golf Company
0%
Web Mini-Series 2022 Candy
0%
TV Special 2003 Céline Dion: Opening Night Live Las Vegas
0%
Commercial 2002 Chili's
0%
TV Show 2005 Club Disney
0%
Film 2005 Edison
0%
Commercial 2002 freevibe.com
0%
Video Album 2007 FutureSex/LoveShow: Live from Madison Square Garden
0%
Short Film 2009 Jerry
0%
TV Special 2024 Jimmy Fallon's Holiday Seasoning Spectacular
0%
Video Album 2003 Justified: The Videos
0%
Documentary 2007 Justin Timberlake: Just Hanging Out Unauthorized
0%
Video Album 2003 Justin Timberlake: Live from London
0%
Commercial 2018, 2019 Levi's
0%
Film 2001 Longshot
0%
Commercial 2014 MasterCard
0%
Commercial 2000, 2003 McDonald's
0%
Film 2001 On the Line
0%
Commercial 2008 Pepsi
0%
Film 2016 Popstar: Never Stop Never Stopping
0%
TV Show 2003, 2007 Punk'd
0%
Commercial 2015 Sauza 901
0%
TV Show 2000 Sesame Street
0%
TV Show 2017 Shark Tank
0%
Commercial 2009 Sony
0%
TV Special 2012, 2023 Stand Up to Cancer
0%
Commercial 2000, 2013 Target
0%
TV Special 2000 Teen People: The 25 Hottest Stars Under 25
0%
TV Show 2011 The Cleveland Show
0%
Film 2008 The Love Guru
0%
Film 2009 The Open Road
0%
TV Show 2003 The Osbournes
0%
TV Show 2009 The Phone
0%
Documentary 2013 The Short Game
0%
TV Show 2000-2003 Top of the Pops
0%
TV Show 1999 Touched by an Angel
0%
Commercial 2013 Vevo
0%
Video Album 2007 Video Triple Play
0%
Film 2017 Wonder Wheel
0%
No matching quizzes found
Score Distribution
Percent of People with Each Score
Percentile by Number Answered
Your Score History
You have not taken this quiz since the last reset